|
|
|
|
| LEADER |
00000nam0a2200000 4500 |
| 001 |
258336 |
| 005 |
20231101233304.0 |
| 035 |
|
|
|a (RuTPU)RU\TPU\book\281184
|
| 035 |
|
|
|a RU\TPU\book\281179
|
| 090 |
|
|
|a 258336
|
| 100 |
|
|
|a 20140424d1986 k y0rusy50 ca
|
| 101 |
0 |
|
|a rus
|
| 102 |
|
|
|a GE
|
| 105 |
|
|
|a a z 001zy
|
| 200 |
1 |
|
|a Гидрогеология и инженерная геология
|e сборник научных трудов
|f Грузинский государственный политехнический институт им. В. И. Ленина ; под ред. И. Г. Зедгинидзе
|
| 210 |
|
|
|a Тбилиси
|c Изд-во ГПИ
|d 1986
|
| 215 |
|
|
|a 172 с.
|c ил.
|
| 225 |
1 |
|
|a Труды Грузинского политехнического института
|v № 11 (308)
|
| 320 |
|
|
|a Библиография в конце статей
|
| 606 |
1 |
|
|a Гидрогеология
|2 stltpush
|3 (RuTPU)RU\TPU\subj\38647
|9 59032
|
| 606 |
1 |
|
|a Инженерная геология
|2 stltpush
|3 (RuTPU)RU\TPU\subj\12572
|9 39335
|
| 610 |
1 |
|
|a подземные воды
|
| 610 |
1 |
|
|a образование
|
| 610 |
1 |
|
|a движение
|
| 610 |
1 |
|
|a распространение
|
| 610 |
1 |
|
|a инженерно-геологические условия
|
| 675 |
|
|
|a 556.3
|v 3
|
| 675 |
|
|
|a 624.131.1
|v 3
|
| 702 |
|
1 |
|a Чхеидзе
|b Д. В.
|4 340
|
| 712 |
0 |
2 |
|a Грузинский государственный политехнический институт им. В. И. Ленина
|c (Тбилиси)
|c (1959-1990)
|2 stltpush
|3 (RuTPU)RU\TPU\col\13604
|9 25717
|
| 801 |
|
1 |
|a RU
|b 63413507
|c 20130126
|
| 801 |
|
2 |
|a RU
|b 63413507
|c 20141111
|g RCR
|
| 942 |
|
|
|c BK
|